Stuck in the Middle with 'F' Quiz Stats

Quiz Updated Sep 14, 2016

Challenge
Share
Tweet
Embed
Score 0/25 Timer 05:00
2 Plays Today
% Correct
fact
93.2%
fib
92.2%
flue
92.1%
fall
91.6%
fee
91.6%
fin
91.1%
face
90.8%
fun
90.7%
fit
90.3%
fat
90.2%
flag
90.1%
fish
89.9%
fig
89.7%
% Correct
fur
89.1%
far
88.8%
fix
88.4%
found
87.6%
fort
87.3%
fine
86.7%
fir
86.3%
for
85.9%
form
85.1%
firm
83.5%
feat
82.8%
fan
80.1%

You're not logged in!

Compare scores with friends on all Sporcle quizzes.
Join for Free
OR
Log In

You Might Also Like...

Show Comments

Extras

Top Quizzes Today


Score Distribution

Your Account Isn't Verified!

In order to create a playlist on Sporcle, you need to verify the email address you used during registration. Go to your Sporcle Settings to finish the process.

Report this User

Report this user for behavior that violates our Community Guidelines.

Details: